000 01435nam a22003497a 4500
003 CHAP
005 20220329134843.0
008 971013s r 00010 d
010 _a26967
011 _a27939
035 _a32040
040 _cCHAP
090 _aFolleto 2405
110 _aLaboratorio Nacional de Productos Forestales. Mérida, Venezuela
_964285
245 _aEstudio tecnológico de 144 maderas de la Guayana venezolana
260 _aMérida, Venezuela :
_bLNPF,
_c19 - .
300 _av.
500 _aLa biblioteca tiene: v.1 Propiedades físicas y mecánicas de 137 maderas de la Guayana Venezolana.- v.4 Maderas de la Guayana; producción y secado de chapas.- v.5 Características papeleras de 101 especies de la Guayana venezolana.- v.7 Durabilidad na
590 _aBATCH-UPD
_b10
_c20130110
_lUCH01
_h0202
590 _aBATCH-UPD
_b10
_c20130110
_lUCH01
_h1609
590 _aCONVERSION
_b10
_c20130109
_lUCH01
_h1315
650 1 4 _aChapa y chapeado.
_921886
650 1 4 _aMadera aserrada
_xSecado.
_969642
650 1 4 _aMadera
_xPropiedades y usos.
_969621
650 1 4 _aPulpa de madera
_xIndustria.
_993005
901 _aBK
942 _cFOLL
949 _aFolleto 2405
_bBC
_cFOLL
_d-74170
_eTS1
_fv.1
_i32040
_si
949 _aFolleto 2405
_bBC
_cFOLL
_d-74171
_eTS1
_fv.4
_i32040
_si
949 _aFolleto 2405
_bBC
_cFOLL
_d-74172
_eTS1
_fv.5
_i32040
_si
949 _aFolleto 2405
_bBC
_cFOLL
_d-74173
_eTS1
_fv.7
_i32040
_si
999 _c26967
_d26967